Headache (Record no. 9019)

MARC details
000 -LEADER
fixed length control field 00457cam a2200205ua 4500
001 - CONTROL NUMBER
control field 10028
005 - DATE AND TIME OF LATEST TRANSACTION
control field 20260515114545.0
008 - FIXED-LENGTH DATA ELEMENTS--GENERAL INFORMATION
fixed length control field 170321n ii |||gr||||Z||||||eng
020 ## - INTERNATIONAL STANDARD BOOK NUMBER
International Standard Book Number 8123709706
040 ## - CATALOGING SOURCE
Transcribing agency MAIN
041 ## - LANGUAGE CODE
Language code of text/sound track or separate title eng
082 ## - DEWEY DECIMAL CLASSIFICATION NUMBER
Classification number 362.1
100 ## - MAIN ENTRY--PERSONAL NAME
Personal name Maheshwari, M.C.,
Relator term Author.
245 ## - TITLE STATEMENT
Title Headache
Statement of responsibility, etc. By M.C. Maheshwari
250 ## - EDITION STATEMENT
Edition statement 2nd ed.
260 ## - PUBLICATION, DISTRIBUTION, ETC.
Place of publication, distribution, etc. New Delhi:
Name of publisher, distributor, etc. NBT,
Date of publication, distribution, etc. 1998.
300 ## - PHYSICAL DESCRIPTION
Extent 88p.
653 ## - INDEX TERM--UNCONTROLLED
Uncontrolled term Disease
942 ## - ADDED ENTRY ELEMENTS (KOHA)
Koha item type Books
Holdings
Withdrawn status Lost status Damaged status Not for loan Home library Current library Shelving location Date acquired Total checkouts Full call number Barcode Date last seen Copy number Price effective from Koha item type
        Naharkatiya College Library Naharkatiya College Library General stacks 09/19/2020   362.1oMAH 16742 09/19/2020 2 09/19/2020 Books
        Naharkatiya College Library Naharkatiya College Library General stacks 09/19/2020   362.1oMAH 21675 09/19/2020 1 09/19/2020 Books